| 000 | 00641nam a2200193 a 4500 | ||
|---|---|---|---|
| 001 | 14651 | ||
| 003 | CO-ViMGA | ||
| 008 | 141112s2004 ck r 000 u spa d | ||
| 020 | _a9589487106 | ||
| 040 |
_aCO-ViMGA _bspa _cCO-ViMGA |
||
| 082 | 0 | 4 | _a337 C656a |
| 245 | 1 | 0 | _aAmbiente para la paz |
| 260 |
_aBogotá, _cIndepaz, _c1998 |
||
| 300 | _a367 p. | ||
| 505 | _aMedio ambiente y paz Cultivos ilicitos, narcotrafico y agenda de paz Energia y medio ambiente Etnias, medio ambiente y paz Poblacion, medio ambiente, territorio y paz | ||
| 650 | 1 | 4 |
_aMEDIO AMBIENTE - COLOMBIA _921370 |
| 650 | 1 | 4 | _aPROCESO DE PAZ - COLOMBIA |
| 942 |
_2ddc _cBK |
||
| 999 |
_c25198 _d25198 |
||